[Event "Stay Safe Play From Home 137"]
[Site "T#645928Emanuel Laske"]
[Date "2020.05.10"]
[Round "3"]
[White "Mepe_Nika"]
[Black "Weltszmerc"]
[Result "1-0"]
[WhiteElo "2285"]
[BlackElo "2003"]
[Annotator "TA"]
[PlyCount "43"]
[EventDate "2020.05.10"]
[EventType "swiss (blitz)"]

{[%evp 9,42,-108,-104,-150,-120,-122,-132,-158,-150,-187,-105,-156,-23,-324,-331,-377,-383,-465,-472,-464,-472,-465,-454,-578,-561,-546,-516,-610,222,-798,-514,-808,-803,-775,29999]} 1. d4 Nf6 2. Bf4 b6 3. f3 d5 4. g4 {[#]} Bb7 $146 ({Predecessor:} 4... Ba6 5. a4 e6 6. h4 Bd6 7. Qd2 c5 8. c3 Nc6 9. Bxd6 Qxd6 10. e3 Bxf1 11. Kxf1 {0-1 (41) Karlsson,J (2114)-Kjartansson,G (2470) Helsingor 2019}) 5. g5 {[#]} Nh5 $1 {[%cal Rh5f4]} 6. Bd2 {A45: Trompowsky Attack.} g6 7. Nc3 Bg7 8. e3 {Black is clearly better.} e5 9. dxe5 Bxe5 ({Black should play} 9... Qxg5 $19 {( -> ...Qh4+)} 10. Qe2 Qxe5) 10. f4 (10. Qe2 $142) 10... Bg7 (10... d4 $17 11. exd4 Bxd4 12. Bb5+ Kf8) 11. Nge2 $2 {[%mdl 8192]} (11. Qf3 $11) 11... d4 $19 {[%mdl 64] Discovered Attack} 12. Nxd4 Bxh1 13. Qg4 O-O 14. O-O-O Bxd4 15. exd4 Qxd4 16. Bg2 Bxg2 17. Qxg2 Na6 18. Nd5 {Ne7+ is the strong threat.} Rad8 $4 {[%mdl 8192]} (18... Rfe8 $19 {and all is fine.} 19. Bc3 Qc5) 19. Bc3 $4 {[%mdl 8192] [#]} (19. Ne7+ $18 Kg7 20. Bc3 Qxc3 21. bxc3) 19... Qxd1+ $1 20. Kxd1 Nxf4 21. Kc1 Nxg2 $4 {[%mdl 8192]} (21... Nxd5 $19 22. Qf3 Nc5) 22. Ne7# {Accuracy: White = 28%, Black = 35%.} 1-0

[Event "Stay Safe Play From Home 137"]
[Site "T#645928Emanuel Laske"]
[Date "2020.05.10"]
[Round "3"]
[White "SoulofWolf"]
[Black "Emresenar"]
[Result "1-0"]
[WhiteElo "2160"]
[BlackElo "1570"]
[Annotator "TA"]
[PlyCount "109"]
[EventDate "2020.05.10"]
[EventType "swiss (blitz)"]

{[%evp 9,109,-28,12,23,26,24,43,36,49,44,45,-2,91,37,41,-22,-16,-2,37,38,97,0,0,2,424,464,463,455,427,331,321,0,364,91,485,485,446,418,392,360,329,264,629,614,700,695,699,677,794,773,755,762,1172,706,1230,820,1485,1461,12839,12838,29980,29981,29981,12846,29989,12846,12847,12847,29990,29991,29992,29993,29998,29993,29993,29994,29994,27999,29994,27999,29994,27999,29993,27999,29995,27999,29994,27999,29993,27999,29990,27999,29993,27999,29994,27999,29997,27999,29997,27999,29997,27999]} 1. Nf3 b6 2. c4 Bb7 3. e3 g6 {[#]} 4. b3 $146 ({Predecessor:} 4. d3 Bg7 5. Be2 f5 6. O-O Nf6 7. Nc3 O-O 8. Qc2 d6 9. b4 e5 10. Bb2 Nbd7 11. Nd2 {0-1 (29) Gelman,A (2403)-Hera,I (2611) chess.com INT 2020}) 4... Bg7 5. Nc3 Nc6 6. Bb2 {A10: English Opening: Unusual Replies for Black.} e6 7. d4 Nge7 8. Be2 {White is slightly better.} d5 9. O-O O-O 10. a4 e5 (10... a5 $11) 11. dxe5 ({White should try} 11. cxd5 $16 Nxd5 12. Nxd5 Qxd5 13. dxe5) 11... Nxe5 $14 12. Qc2 (12. Nxe5 $14 Bxe5 13. Bf3) 12... dxc4 $11 {next ...Nxf3+ is good for Black.} 13. Nxe5 Bxe5 14. Bxc4 Qc8 ({Black should play} 14... Nf5 $14) 15. Ba3 ({Better is} 15. f4 $16 Bg7 16. e4) 15... Qg4 {[%csl Gb7][%cal Rg4g2]} 16. f3 $36 {[%mdl 2048] White is more active.} Qg5 $2 {[%mdl 8192] White now steadily converts the win.} (16... Qf5 $11 17. Bd3 Qe6) 17. f4 $18 {[%mdl 64] Double Attack} Qxg2+ 18. Qxg2 Bxg2 19. Kxg2 Bxc3 20. Rac1 $2 (20. Bxe7 $18 {Black must now prevent Rad1.} Rfe8 21. Rac1) 20... Bd2 $2 {[%mdl 8192]} (20... Bf6 $11) 21. Rc2 $2 (21. Bxe7 $18 {is more deadly.} Bxc1 22. Bxf8) 21... Bxe3 $2 {[%mdl 8192]} (21... Nf5 $16 {is tougher.} 22. Rxd2 Nxe3+ {[%mdl 64] Double Attack} 23. Kf3 Nxf1 24. Bxf1 Rfd8) 22. Bxe7 Rfe8 23. Bg5 Bc5 24. Rd1 Bd6 25. Rdd2 Re4 $2 (25... Kg7 26. Bh4 f6) 26. Bd5 {[%mdl 64] Double Attack} Rae8 27. Bxe4 Rxe4 28. Re2 Rxe2+ 29. Rxe2 Kg7 30. Kf3 h6 31. Bh4 a5 32. Bg3 f6 {[#]} 33. f5 $1 Bxg3 (33... gxf5 34. Bxd6) 34. hxg3 gxf5 {[%mdl 4096] Endgame KR-KP} 35. Re7+ {[%mdl 64] Double Attack} Kg6 36. Rxc7 {White threatens Kf4 and mate.} h5 37. Rb7 (37. Kf4 $142 h4 38. gxh4 b5 39. axb5 Kh5 40. Kxf5 Kh6 41. b6 a4 42. bxa4 Kh5 43. Rh7#) 37... f4 38. Kxf4 {b4 would kill now.} h4 39. gxh4 {White mates.} f5 40. Rxb6+ {KR-KPP} Kh5 {[#]} 41. Rb5 $1 Kh6 42. Rxf5 Kg6 43. Rxa5 {KR-K} Kg7 44. Rc5 Kg8 45. Ke4 Kg7 46. Kd4 Kh7 47. Kc4 Kh8 48. Kb4 Kg8 49. a5 Kg7 50. a6 Kh7 51. a7 Kh6 52. a8=Q Kg6 53. Qa5 Kf6 54. Rb5 Ke6 55. Rb6+ {Accuracy: White = 48%, Black = 27%.} 1-0

[Event "Stay Safe Play From Home 137"]
[Site "T#645928Emanuel Laske"]
[Date "2020.05.10"]
[Round "3"]
[White "Lazieri3"]
[Black "Tropic Thunder"]
[Result "0-1"]
[WhiteElo "2000"]
[BlackElo "2195"]
[Annotator "TA"]
[PlyCount "66"]
[EventDate "2020.05.10"]
[EventType "swiss (blitz)"]

{[%evp 9,66,33,41,41,43,21,28,-29,28,-25,9,-1,22,-29,51,68,57,-14,54,28,330,315,340,308,288,294,549,350,365,277,288,282,282,279,271,-38,-29,-36,8,-50,-39,-35,-30,-38,-39,-39,-37,-49,-22,-42,390,384,443,451,625,416,756,478,1305]} 1. e4 g6 2. c3 Bg7 3. d4 d6 4. Bd3 a6 5. Be3 b6 6. Qd2 {B06: Modern Defence.} Bb7 {[#]} 7. Nf3 $146 ({Predecessor:} 7. Ne2 Nd7 8. O-O Ndf6 9. f3 e6 10. a4 h6 11. c4 Ne7 12. d5 e5 13. a5 {0-1 (71) Kripp,W (2076)-Ackermann,H (2289) Bad Sooden 2014}) 7... Nd7 8. Na3 (8. c4 $142) 8... h6 (8... Ngf6 $142) 9. Nc2 (9. O-O-O $142) 9... e6 10. O-O-O Ne7 11. h3 ({White should play} 11. Bf4) 11... e5 (11... Nf6 $11) 12. dxe5 $14 dxe5 13. Bc4 (13. h4 $14) 13... Bc6 (13... Bxe4 $11 14. Rhe1 c5) 14. Nb4 Nc5 $2 {[%mdl 8192]} (14... Bxe4 $11 15. Nxa6 c5) 15. Bxc5 bxc5 16. Nxc6 ({Weaker is} 16. Nxa6 Qxd2+ 17. Rxd2 (17. Nxd2 Ra7 $18) (17. Kxd2 O-O $16) 17... Ra7 $18) 16... Nxc6 17. Qd5 {[%csl Gc4][%cal Rd5f7] [#]} Qf6 $2 (17... Qxd5 18. Bxd5 Kd7 19. Bxf7+ Kc8 20. Bxg6 Kb7) 18. Qxc5 {Bd5 is the strong threat.} Bf8 19. Qd5 {[%csl Gd1][%cal Rd5d7]} Rd8 20. Qxf7+ $1 Qxf7 21. Bxf7+ Kxf7 {[#]} 22. Rxd8 $2 (22. Nxe5+ $1 $18 {[%mdl 512]} Nxe5 23. Rxd8) 22... Nxd8 $15 23. Nxe5+ Ke6 (23... Kf6 {seems wilder.} 24. f4 h5 25. Nd7+ Kg7 26. Kc2 Be7) 24. Nc4 (24. Nxg6 $11 Rg8 25. Nf4+ Ke5 26. g3) 24... Bd6 25. Nxd6 cxd6 {[%mdl 4096] Endgame KRN-KR} 26. Rd1 Rf8 27. f3 Nc6 28. Kc2 Ne5 29. b3 {[%cal Bb2b3,Bb3c4][%mdl 32]} Nc4 $2 {[%mdl 8192]} (29... g5 $15) 30. bxc4 $18 g5 31. Rb1 g4 32. Rb6 g3 (32... gxh3 $142 33. gxh3 Ke5 34. Rxa6 Rxf3) 33. Rxa6 Rb8 {[%mdl 32768] Accuracy: White = 44%, Black = 29%. . Loss on time!?} (33... Rxf3 $142 34. c5 (34. gxf3 g2 $17) 34... Rf2+ 35. Kb3 Ke7 36. Rxd6 h5) 0-1

[Event "Stay Safe Play From Home 137"]
[Site "T#645928Emanuel Laske"]
[Date "2020.05.10"]
[Round "3"]
[White "Fischer_11"]
[Black "Zacko1"]
[Result "1-0"]
[WhiteElo "1968"]
[BlackElo "1827"]
[Annotator "TA"]
[PlyCount "25"]
[EventDate "2020.05.10"]
[EventType "swiss (blitz)"]

{[%evp 9,25,988,977,932,932,838,908,882,902,830,931,908,929,897,974,971,962,960]} 1. e4 g6 2. d4 Bg7 3. Nc3 d6 {[#]} 4. Bh6 $146 ({Predecessor:} 4. Nf3 a6 5. Be2 e6 6. O-O Ne7 7. Re1 Nd7 8. a4 b6 9. Be3 Bb7 10. Qd2 h6 11. h3 g5 12. d5 e5 13. Nh2 {½-½ (26) Nepomniachtchi,I (2767)-Wei,Y (2725) Jerusalem 2019}) 4... c6 5. Bxg7 Qb6 {White is clearly winning.} 6. Bxh8 {B06: Modern Defence.} Qxb2 7. Nce2 Qb4+ 8. c3 Qa5 9. e5 d5 10. Nf3 Bg4 11. Qd3 Bf5 12. Qd2 Nd7 13. Ng3 1-0

[Event "Stay Safe Play From Home 137"]
[Site "T#645928Emanuel Laske"]
[Date "2020.05.10"]
[Round "3"]
[White "Haxhi Baha"]
[Black "Edmatuag"]
[Result "1-0"]
[WhiteElo "1936"]
[BlackElo "1708"]
[Annotator "TA"]
[PlyCount "97"]
[EventDate "2020.05.10"]
[EventType "swiss (blitz)"]

{[%evp 9,97,5,14,0,10,16,34,8,29,27,29,38,27,21,18,8,13,-10,9,0,0,0,0,0,0,0,0,0,0,0,0,0,0,0,12,-69,-69,-70,-66,-78,-76,-74,-60,-58,-60,-77,-28,-117,-118,-124,-60,-58,-58,-58,-57,-60,-60,-53,0,-25,-8,-55,0,0,0,0,0,0,0,-26,-26,-735,-349,-1534,-1432,-2315,-1850,-29979,-29980,-29989,-29990,-29990,-2028,-29976,-29975,-29986,-29987,-29987,-29988,-29994]} 1. e4 c6 2. Nf3 d5 3. Nc3 dxe4 4. Nxe4 Nf6 5. Nc3 Bg4 6. Bc4 {B11: Caro-Kann: Two Knights Variation.} Bxf3 7. Qxf3 e6 8. d3 {[#] White is slightly better.} Qd4 $146 ({Predecessor:} 8... Be7 9. Bg5 h6 10. Bh4 Nbd7 11. Bb3 Nd5 12. Bxe7 Qxe7 {1-0 (26) Omerzel,N (1702)-Dizorz,M Nova Gorica 2012}) 9. Be3 Qg4 10. Qxg4 Nxg4 11. Bd2 Nd7 12. h3 Ngf6 13. Bb3 Bd6 14. Ne4 Nxe4 15. dxe4 Nf6 16. f3 $1 Bg3+ 17. Ke2 O-O-O 18. Bg5 h6 19. Be3 Nh5 20. Rhd1 Be5 21. c3 Nf4+ 22. Kf2 (22. Kf1 $11) 22... Nd3+ $15 {[%mdl 64] [#] Double Attack} 23. Ke2 Nxb2 24. Rxd8+ Rxd8 25. Bxa7 Nd3 26. Be3 Nf4+ 27. Kf2 Rd3 {Black wants to play ...Nxg2!} 28. Bxf4 (28. Rd1 $11 {remains equal.} Rxd1 29. Bxd1) 28... Bxf4 $17 29. Rd1 Rxd1 (29... Rxc3 $17 30. Ke2 Kc7) 30. Bxd1 {[%mdl 4096] Endgame KB-KB} Kd7 31. g3 Be5 32. c4 Bd4+ 33. Ke2 c5 ({Better is} 33... Kd6 $15) 34. Kd3 e5 35. f4 exf4 ({Black should try} 35... Bf2 $15) 36. gxf4 $11 f6 37. Bg4+ Kd6 38. Bc8 b6 39. Kc2 g5 40. f5 $2 {[%mdl 8192] [#] Loses the game.} (40. fxg5 $11 fxg5 41. Bg4) 40... Ke5 $19 41. Kd3 $2 (41. Bb7) 41... Kf4 42. Bb7 Be5 43. Ke2 Kg3 44. Kf1 Kxh3 45. Bd5 Kg3 (45... g4 $142 46. Bf7 g3 47. Bg6 g2+ 48. Kf2 Bd4+ 49. Ke1 g1=Q+ 50. Kd2 Qe3+ {[%mdl 64] Double Attack} 51. Kc2 Qc3+ 52. Kd1 Be3 53. Ke2 Qd2+ {[%mdl 64] Double Attack} 54. Kf3 Qf2#) 46. Be6 h5 {Black mates.} 47. a4 h4 48. Bf7 h3 49. a5 {[%mdl 32768] Accuracy: White = 53%, Black = 84%. . Loss on time!?} 1-0

[Event "Stay Safe Play From Home 137"]
[Site "T#645928Emanuel Laske"]
[Date "2020.05.10"]
[Round "3"]
[White "Sfantul321"]
[Black "Nagaram"]
[Result "1-0"]
[WhiteElo "1916"]
[BlackElo "1527"]
[Annotator "TA"]
[PlyCount "81"]
[EventDate "2020.05.10"]
[EventType "swiss (blitz)"]

{[%evp 14,81,3,0,39,0,0,0,20,4,100,77,129,122,127,116,143,130,187,131,135,143,186,43,68,55,67,0,0,0,62,57,87,84,130,116,151,151,223,219,227,227,235,240,232,107,232,63,61,-145,0,0,1135,1151,29978,29980,29980,29978,4906,799,4910,1037,1146,1090,1047,1045,1537,1021,29985,29986]} 1. c4 e6 2. Nc3 d5 3. cxd5 exd5 4. d4 Bb4 5. Nf3 Nf6 6. Bg5 h6 7. Bxf6 Qxf6 8. e3 Nc6 {8...c6 is the modern continuation. D38: Queen's Gambit Declined: Ragozin Defence (4 Nf3 Bb4).} 9. a3 Bxc3+ $1 10. bxc3 Bg4 {The position is equal.} 11. Be2 {[#]} Bxf3 $146 (11... O-O $11) ({Predecessor:} 11... O-O 12. Qb3 Qd6 13. O-O a5 14. h3 Be6 15. Rfc1 a4 16. Qb2 Na5 17. Nd2 b6 {0-1 (29) Althaus,L (1690)-Buchinger,A (1399) Heusenstamm 2019}) 12. Bxf3 $16 O-O (12... Ne7 $142) 13. Bxd5 Rad8 14. Bxc6 bxc6 15. O-O Rfe8 (15... c5 $16) 16. Qf3 ({Better is} 16. Qa4 $18) 16... Qxf3 17. gxf3 {[%mdl 4096] Endgame KRR-KRR} Re6 18. e4 (18. Rfb1 $18) 18... Rf6 19. Kg2 Rg6+ 20. Kh1 (20. Kh3 $14) 20... Rf6 $11 21. Kg2 ({White should try} 21. Rac1 $11) 21... Rg6+ $14 22. Kh3 Rf6 23. Kg3 $36 {[%mdl 2048] Black is under strong pressure.} Rg6+ 24. Kf4 Rf6+ 25. Ke3 Rdd6 (25... g5 $16 26. Rfd1 Rfd6) 26. e5 $18 Rde6 27. f4 Rf5 28. Ke4 Rh5 29. Rh1 (29. f5 $18 Re8 30. Rab1) 29... f6 (29... Rh4 $16 {was worth a try.}) 30. c4 $2 (30. h4 $18) 30... Rh4 $14 31. f3 $2 {[#]} (31. Rag1 $14 {stays ahead.}) 31... fxe5 (31... g5 $1 $17 32. Rae1 (32. Kf5 $2 Kf7 $19) 32... Rxf4+ 33. Kd3 c5 34. dxc5 Rxf3+ 35. Kd4 Rf4+ 36. Kc3 fxe5) 32. dxe5 $11 {Rag1 is the strong threat.} Rxe5+ $2 {[%mdl 8192]} (32... g5 $11) 33. Kxe5 $18 Rh5+ 34. f5 g6 35. Ke6 Rxf5 36. Raf1 Rc5 37. Rc1 g5 38. Rhf1 Kg7 39. Kd7 Ra5 40. Rc3 Rxa3 41. Rxa3 {Accuracy: White = 43%, Black = 34%.} 1-0

[Event "Stay Safe Play From Home 137"]
[Site "T#645928Emanuel Laske"]
[Date "2020.05.10"]
[Round "3"]
[White "SecantFX"]
[Black "Greblha"]
[Result "0-1"]
[WhiteElo "1852"]
[BlackElo "1935"]
[Annotator "TA"]
[PlyCount "136"]
[EventDate "2020.05.10"]
[EventType "swiss (blitz)"]

{[%evp 9,135,2,-1,-17,-22,-18,-6,-17,15,-3,-2,-8,0,-9,17,12,26,-25,-20,-43,-12,-39,-35,-41,-30,-49,-45,-45,-32,-43,-24,-59,-39,-139,-131,-129,-70,-291,-289,-289,-288,-276,-268,-341,-357,-356,-350,-349,-339,-322,-325,-503,-530,-1186,-1089,-993,-625,-1097,-112,-985,-112,-6535,-6415,-29981,-29982,-29978,-29977,-29977,-29978,-29978,-29979,-29981,-29980,-29981,-29980,-29984,-29985,-29985,-29986,-29986,-29987,-29988,-29986,-29987,-29987,-29989,-29989,-29989,-29990,-29990,-29990,-29990,-29990,-29991,-29992,-29993,-29990,-29990,-29989,-29992,-29993,-29994,-29994,-29994,-29994,-29994,-29993,-29993,-29993,-29994,-29995,-29995,-29995,-29996,-29995,-29995,-29995,-29996,-29996,-29996,-29997,-29998,-29999,-29999,-29999,-29999,-29999,-29999]} 1. g3 c6 2. Bg2 d5 3. f4 Nf6 4. Nf3 g6 5. O-O Bg7 {[#]} 6. Re1 $146 {A03: Bird's Opening with 1...d5.} ({Predecessor:} 6. d3 O-O 7. Qe1 d4 8. Na3 Nd5 9. Nc4 b5 10. Na3 Nd7 11. Bd2 Nc5 12. c3 dxc3 13. bxc3 Qa5 14. Nb1 Na4 15. Ne5 {0-1 (31) Muzychuk,A (2545)-Hou,Y (2673) Beijing 2014}) 6... O-O 7. e3 Nbd7 8. d4 {The position is equal.} Re8 9. c3 Ne4 10. Nbd2 f5 11. Nxe4 fxe4 12. Ne5 Nxe5 13. fxe5 (13. dxe5 $142 Be6 14. c4) 13... Be6 $11 14. Rf1 Rf8 15. Bd2 Qd7 16. Qe1 Rxf1+ 17. Qxf1 Rf8 18. Qe1 Bg4 19. Bf1 Bf3 20. Be2 Qh3 {[%csl Gf3][%cal Rh3g2]} 21. Bxf3 ({White should try} 21. Bf1 $15 Qf5 22. c4) 21... Rxf3 22. Qe2 Bh6 $40 {[%mdl 128] Black attacks.} (22... Qg4 $17 {Threatens to win with ...Rxg3+!} 23. Re1 h5) 23. Qg2 $2 (23. Rf1 $15) 23... Qxg2+ $19 ({Not} 23... Bxe3+ 24. Bxe3 Qxg2+ 25. Kxg2 $17) 24. Kxg2 Bxe3 25. Bxe3 Rxe3 {[%mdl 4096] Endgame KR-KR} 26. Rf1 Re2+ 27. Rf2 Rxf2+ $1 28. Kxf2 {KP-KP} Kf7 29. g4 Ke6 30. h4 (30. Ke2 {was necessary.} c5 31. Ke3) 30... c5 31. Ke3 cxd4+ 32. cxd4 Kd7 33. b4 {[#]} e6 $2 (33... a5 $1 $19 {[%mdl 512] is more deadly.} 34. bxa5 Kc6) 34. a3 $2 {[%mdl 8192] [#]} (34. a4 $17) 34... Kc6 $2 (34... a5 $1 $19 {[%mdl 512] ...axb4 is the strong threat.} 35. bxa5 Kc6) 35. h5 $2 {[%mdl 8192]} (35. a4 $17) 35... Kb5 36. hxg6 hxg6 {Black mates.} 37. Kf4 {[#]} g5+ $1 {[%mdl 576] Deflection, Promotion} 38. Kxg5 e3 39. Kf6 e2 40. g5 e1=Q 41. g6 Qf2+ 42. Kxe6 Qf8 43. Kxd5 Qg7 44. e6 Qxg6 45. Kd6 Qe8 46. d5 Kc4 47. Ke5 Qe7 48. d6 Qg5+ 49. Ke4 Qg4+ 50. Ke5 Qg3+ 51. Kf5 Qxd6 52. Kf6 Qf8+ 53. Ke5 Qe7 54. Kf5 Kd5 55. b5 Qxe6+ 56. Kf4 Qb6 57. a4 Qa5 58. b6 Qxa4+ 59. Kf5 axb6 60. Kf6 Qe8 61. Kg7 b5 62. Kf6 b4 63. Kg7 b3 64. Kf6 b2 65. Kg7 b1=Q {[%csl Ge8][%cal Rb1g6]} 66. Kf6 Qbe4 {[%csl Ge4][%cal Re8g6]} 67. Kg7 Q8g6+ 68. Kf8 Qee8# {Accuracy: White = 40%, Black = 70%.} 0-1

[Event "Stay Safe Play From Home 137"]
[Site "T#645928Emanuel Laske"]
[Date "2020.05.10"]
[Round "3"]
[White "Tavares"]
[Black "XShot"]
[Result "1-0"]
[WhiteElo "1799"]
[BlackElo "2463"]
[Annotator "TA"]
[PlyCount "69"]
[EventDate "2020.05.10"]
[EventType "swiss (blitz)"]

{[%evp 9,68,2,20,18,42,12,8,5,12,6,102,6,6,0,0,0,0,-2,0,-16,8,5,26,0,0,-64,27,-25,0,0,36,-11,1,6,12,-54,-65,-164,-171,-329,-329,-364,-110,-136,-38,-64,5397,5493,29985,29986,29985,29986,2864,0,0,-219,528,532,29998,29999,29999]} 1. e4 c6 2. d4 d5 3. e5 c5 4. c3 Nc6 5. Be3 cxd4 6. cxd4 {B12: Caro-Kann: Advance Variation.} Nh6 7. Nc3 (7. Bxh6 $5 gxh6 8. Nc3 $11) 7... Nf5 8. Nf3 {The position is equal.} Nxe3 9. fxe3 {[#]} Bg4 $146 {[#]} (9... g6 $11 {remains equal.}) ({Predecessor:} 9... f6 10. exf6 exf6 11. Bd3 Bb4 12. O-O O-O 13. Qc2 h6 14. Nh4 f5 15. Nxf5 Bxf5 16. Bxf5 Bxc3 17. bxc3 {1-0 (38) Sramek,V (2125)-Licznerski,L (2267) Katowice 2017}) 10. Bb5 ({Better is} 10. Qb3 $1 $16) 10... e6 $11 11. h3 Bh5 12. O-O Be7 13. Rc1 O-O 14. Ne2 Rc8 15. Nf4 Bg6 16. g4 Qb6 17. Bd3 ({White should try} 17. Nxg6 $11 hxg6 18. Qe2) 17... Nb4 (17... Be4 $15) 18. Bb1 ({White should play} 18. Rxc8 Rxc8 19. Nxg6 hxg6 20. Bb1) 18... Rxc1 19. Qxc1 Nc6 {[%cal Bb4c6,Bc6a5,Ba5c4][%mdl 32]} 20. h4 Bxb1 21. Qxb1 Na5 22. g5 (22. Kf2 $11) 22... Nc4 $15 23. Qe1 (23. b3 $15 Nxe3 24. Re1) 23... Qxb2 $19 24. h5 $2 (24. Qf2 {might work better.}) 24... Qxa2 25. g6 fxg6 $2 (25... Qc2 $19 {[%cal Rh7g6]} 26. Qb1 Qe4 27. Qxe4 dxe4) 26. Nxe6 $17 {Black must now prevent hxg6.} Re8 ({But not} 26... gxh5 $6 27. Nxf8 Bxf8 28. e4 $11) (26... Rf5 $17 {Hoping for ...Qa3.} 27. Nf4 gxh5 28. Nxd5 Bd8) 27. hxg6 $15 hxg6 $2 {[%mdl 8192] [#]} (27... Qc2 $15 28. Qb1 Qxg6+ 29. Qxg6 hxg6) 28. Nfg5 $1 $18 {Qh4 would kill now.} Bxg5 29. Nxg5 Qa3 30. Qh4 {[%csl Gg5][%cal Rh4h7]} Qxe3+ 31. Kg2 $2 (31. Kh1 $18 {[%csl Gg5][%cal Rh4h7]} Qxg5 32. Qxg5) 31... Qe2+ $11 32. Rf2 $2 (32. Kg1 $11 {and White is okay.} Qxf1+ 33. Kxf1) 32... Qh5 $4 {[%mdl 8192]} (32... Ne3+ $19 {avoids the disaster.} 33. Kh3 Qh5 34. Qxh5 gxh5) 33. Qf4 $18 {White threatens Qf7+! and mate.} Kh8 {[#]} 34. Qf8+ $1 {[%mdl 576] Back Rank} Rxf8 35. Rxf8# {Accuracy: White = 43%, Black = 43%.} 1-0

[Event "Stay Safe Play From Home 137"]
[Site "T#645928Emanuel Laske"]
[Date "2020.05.10"]
[Round "3"]
[White "Trotsky"]
[Black "Chase the sun"]
[Result "0-1"]
[WhiteElo "1660"]
[BlackElo "1781"]
[Annotator "NA RC"]
[PlyCount "42"]
[EventDate "2020.05.10"]
[EventType "swiss (blitz)"]

1. d4 {[%emt 0:00:01]} e6 {[%emt 0:00:02]} 2. e3 {[%emt 0:00:01]} f5 {[%emt 0:00:01]} 3. c4 {[%emt 0:00:01]} Nf6 {[%emt 0:00:01]} 4. Nc3 {[%emt 0:00:01]} Bb4 {[%emt 0:00:00]} 5. Bd3 {[%emt 0:00:01]} Bxc3+ {[%emt 0:00:00]} 6. bxc3 {[%emt 0:00:01]} d6 {[%emt 0:00:00]} 7. Qc2 {[%emt 0:00:01]} O-O {[%emt 0:00:00]} 8. Nf3 {[%emt 0:00:01]} Qe8 {[%emt 0:00:01]} 9. Bd2 {[%emt 0:00:00]} g6 {[%emt 0:00:01]} 10. O-O-O {[%emt 0:00:01]} Nc6 {[%emt 0:00:01]} 11. h4 {[%emt 0:00:01]} e5 {[%emt 0:00:01]} 12. Ng5 {[%emt 0:00:02]} e4 {[%emt 0:00:01]} 13. Be2 {[%emt 0:00:03]} Bd7 {[%emt 0:00:01]} 14. f3 {[%emt 0:00:01]} Na5 {[%emt 0:00:01]} 15. fxe4 {[%emt 0:00:02]} Ba4 {[%emt 0:00:02]} 16. Qb1 {[%emt 0:00:02]} Bxd1 {[%emt 0:00:00]} 17. Bxd1 {[%emt 0:00:01]} Nxe4 {[%emt 0:00:02]} 18. Bc2 {[%emt 0:00:01]} Nxd2 {[%emt 0:00:03]} 19. Kxd2 {[%emt 0:00:01]} Nxc4+ {[%emt 0:00:02]} 20. Kc1 {[%emt 0:00:02]} Qxe3+ {[%emt 0:00:02]} 21. Kd1 {[%emt 0:00:02]} Qd2# {[%emt 0:00:01] (Lag: Av=0.30s, max=0.4s)} 0-1